<?xml version="1.0" encoding="UTF-8"?>
<record
    xmlns:xsi="http://www.w3.org/2001/XMLSchema-instance"
    xsi:schemaLocation="http://www.loc.gov/MARC21/slim http://www.loc.gov/standards/marcxml/schema/MARC21slim.xsd"
    xmlns="http://www.loc.gov/MARC21/slim">

  <leader>00602nam a2200157 a 4500</leader>
  <controlfield tag="008">140922s1997    ||||||||||||||||| ||    u</controlfield>
  <datafield tag="020" ind1=" " ind2=" ">
    <subfield code="a">1565105117</subfield>
  </datafield>
  <datafield tag="050" ind1=" " ind2=" ">
    <subfield code="a">363.7387 GLO</subfield>
  </datafield>
  <datafield tag="100" ind1=" " ind2=" ">
    <subfield code="a">Swisher, Karin L. </subfield>
  </datafield>
  <datafield tag="245" ind1="1" ind2="0">
    <subfield code="a">Global warming: opposing view points</subfield>
    <subfield code="c">edited by Tamara L. Roleff, Scott Barbara and Karin L. Swisher</subfield>
  </datafield>
  <datafield tag="260" ind1=" " ind2=" ">
    <subfield code="a">New York</subfield>
    <subfield code="b">Greenhaven Press</subfield>
    <subfield code="c">1997</subfield>
  </datafield>
  <datafield tag="300" ind1=" " ind2=" ">
    <subfield code="a">192p.: ill</subfield>
  </datafield>
  <datafield tag="650" ind1=" " ind2="0">
    <subfield code="a">GLOBAL WARMING</subfield>
  </datafield>
  <datafield tag="700" ind1=" " ind2=" ">
    <subfield code="a">Barbar, Scott</subfield>
  </datafield>
  <datafield tag="995" ind1=" " ind2=" ">
    <subfield code="a">AMERICAN CORNER</subfield>
    <subfield code="e">0103638</subfield>
    <subfield code="F">CBU-DAG HAMMARSKJOLD INSTITUTE LIBRARY</subfield>
    <subfield code="j">363.7387 GLO</subfield>
    <subfield code="M">1</subfield>
    <subfield code="U">AVAILABLE</subfield>
    <subfield code="W">Sep 22, 2014</subfield>
    <subfield code="y">0103638</subfield>
    <subfield code="Z">American Collection</subfield>
  </datafield>
  <datafield tag="999" ind1=" " ind2=" ">
    <subfield code="c">267</subfield>
    <subfield code="d">267</subfield>
  </datafield>
  <datafield tag="952" ind1=" " ind2=" ">
    <subfield code="0">0</subfield>
    <subfield code="1">0</subfield>
    <subfield code="2">lcc</subfield>
    <subfield code="4">0</subfield>
    <subfield code="7">0</subfield>
    <subfield code="a">006</subfield>
    <subfield code="b">006</subfield>
    <subfield code="c">American Collection</subfield>
    <subfield code="d">2022-11-28</subfield>
    <subfield code="l">0</subfield>
    <subfield code="o">363.7387 GLO</subfield>
    <subfield code="p">0103638</subfield>
    <subfield code="r">2022-11-28</subfield>
    <subfield code="w">2022-11-28</subfield>
    <subfield code="y">002</subfield>
  </datafield>
</record>
